[Event "April 9 Late 2024"]
[Site "Chess.com"]
[Date "2024.04.09"]
[Round "1"]
[White "Antunes, Luciano Justi"]
[Black "Sivakumar, Shaaketh"]
[Result "0-1"]
[Board "175"]
[WhiteFideId "2126893"]
[BlackFideId "30940176"]
[BlackTitle "FM"]
[WhiteElo "2137"]
[BlackElo "2568"]
[WhiteTeam "BRA"]
[BlackTeam "USA"]
[WhiteClock "0:00:06"]
[BlackClock "0:01:16"]
[Variant "Standard"]

1. e4 {[%clk 0:02:57]}  c5 {[%clk 0:02:58]} 2. Nf3 {[%clk 0:02:55]}  d6 {[%clk 0:02:49]} 3. d4 {[%clk 0:02:47]}  cxd4 {[%clk 0:02:36]} 4. Nxd4 {[%clk 0:02:43]}  Nf6 {[%clk 0:02:37]} 5. Nc3 {[%clk 0:02:39]}  a6 {[%clk 0:02:30]} 6. Bg5 {[%clk 0:02:38]}  Nbd7 {[%clk 0:02:29]} 7. Qe2 {[%clk 0:02:36]}  g6 {[%clk 0:02:26]} 8. O-O-O {[%clk 0:02:26]}  Bg7 {[%clk 0:02:26]} 9. f4 {[%clk 0:02:07]}  O-O {[%clk 0:02:12]} 10. e5 {[%clk 0:01:57]}  dxe5 {[%clk 0:02:12]} 11. fxe5 {[%clk 0:01:54]}  Ne8 {[%clk 0:02:09]} 12. e6 {[%clk 0:01:50]}  fxe6 {[%clk 0:02:08]} 13. Nxe6 {[%clk 0:01:47]}  Qa5 {[%clk 0:02:07]} 14. Nxg7 {[%clk 0:01:34]}  Qxg5+ {[%clk 0:02:05]} 15. Kb1 {[%clk 0:01:33]}  Nxg7 {[%clk 0:02:02]} 16. h4 {[%clk 0:01:08]}  Qf6 {[%clk 0:01:48]} 17. Nd5 {[%clk 0:01:04]}  Qe5 {[%clk 0:01:46]} 18. Qc4 {[%clk 0:00:59]}  Kh8 {[%clk 0:01:44]} 19. Bd3 {[%clk 0:00:51]}  b5 {[%clk 0:01:44]} 20. Qc6 {[%clk 0:00:46]}  Rb8 {[%clk 0:01:37]} 21. Rhe1 {[%clk 0:00:45]}  Bb7 {[%clk 0:01:35]} 22. Qxd7 {[%clk 0:00:43]}  Qxd5 {[%clk 0:01:34]} 23. Rxe7 {[%clk 0:00:31]}  Qxd7 {[%clk 0:01:33]} 24. Rxd7 {[%clk 0:00:31]}  Bxg2 {[%clk 0:01:33]} 25. Rg1 {[%clk 0:00:22]}  Rb7 {[%clk 0:01:22]} 26. Rd6 {[%clk 0:00:20]}  Re7 {[%clk 0:01:17]} 27. a3 {[%clk 0:00:06]}  Bb7 {[%clk 0:01:16]} 0-1

[Event "April 9 Late 2024"]
[Site "Chess.com"]
[Date "2024.04.09"]
[Round "1"]
[White "Glidzhain, Gor"]
[Black "Floresvillar Gonzalez, Luis Migu"]
[Result "1-0"]
[Board "176"]
[WhiteFideId "24109932"]
[BlackFideId "5100542"]
[WhiteTitle "FM"]
[BlackTitle "CM"]
[WhiteElo "2566"]
[BlackElo "2131"]
[WhiteTeam "RUS"]
[BlackTeam "MEX"]
[WhiteClock "0:02:35"]
[BlackClock "0:01:57"]
[Variant "Standard"]

1. e4 {[%clk 0:02:55]}  c6 {[%clk 0:02:59]} 2. d4 {[%clk 0:02:55]}  d5 {[%clk 0:03:00]} 3. Nc3 {[%clk 0:02:55]}  dxe4 {[%clk 0:02:59]} 4. Nxe4 {[%clk 0:02:56]}  Bf5 {[%clk 0:02:59]} 5. Ng3 {[%clk 0:02:56]}  Bg6 {[%clk 0:02:59]} 6. h4 {[%clk 0:02:57]}  h6 {[%clk 0:02:59]} 7. Nh3 {[%clk 0:02:58]}  e5 {[%clk 0:02:42]} 8. dxe5 {[%clk 0:02:53]}  Qa5+ {[%clk 0:02:41]} 9. c3 {[%clk 0:02:54]}  Qxe5+ {[%clk 0:02:41]} 10. Be2 {[%clk 0:02:54]}  Nf6 {[%clk 0:02:30]} 11. O-O {[%clk 0:02:52]}  Be7 {[%clk 0:02:29]} 12. Bf4 {[%clk 0:02:52]}  Qd5 {[%clk 0:02:23]} 13. Bf3 {[%clk 0:02:47]}  Qxd1 {[%clk 0:02:21]} 14. Raxd1 {[%clk 0:02:48]}  Nbd7 {[%clk 0:02:20]} 15. Rfe1 {[%clk 0:02:49]}  Kf8 {[%clk 0:02:13]} 16. h5 {[%clk 0:02:46]}  Bh7 {[%clk 0:02:09]} 17. Rxe7 {[%clk 0:02:35]}  Kxe7 {[%clk 0:02:07]} 18. Bd6+ {[%clk 0:02:36]}  Ke6 {[%clk 0:01:57]} 19. Nf4# {[%clk 0:02:35]} 1-0

[Event "April 9 Late 2024"]
[Site "Chess.com"]
[Date "2024.04.09"]
[Round "1"]
[White "Kovacevic, Radmila"]
[Black "Ruperez Benito, Antonio"]
[Result "0-1"]
[Board "177"]
[WhiteFideId "933171"]
[BlackFideId "22245049"]
[WhiteTitle "WFM"]
[BlackTitle "FM"]
[WhiteElo "2127"]
[BlackElo "2566"]
[WhiteTeam "SRB"]
[BlackTeam "ESP"]
[WhiteClock "0:00:09"]
[BlackClock "0:00:10"]
[Variant "Standard"]

1. e4 {[%clk 0:02:59]}  c5 {[%clk 0:02:58]} 2. Nf3 {[%clk 0:02:59]}  e6 {[%clk 0:02:56]} 3. d4 {[%clk 0:02:58]}  cxd4 {[%clk 0:02:57]} 4. Nxd4 {[%clk 0:02:59]}  Nc6 {[%clk 0:02:58]} 5. Nc3 {[%clk 0:02:59]}  Nf6 {[%clk 0:02:58]} 6. Be3 {[%clk 0:02:58]}  Bb4 {[%clk 0:02:55]} 7. Bd3 {[%clk 0:02:58]}  e5 {[%clk 0:02:54]} 8. Nf5 {[%clk 0:02:57]}  O-O {[%clk 0:02:51]} 9. O-O {[%clk 0:02:52]}  Bxc3 {[%clk 0:02:45]} 10. bxc3 {[%clk 0:02:52]}  d5 {[%clk 0:02:45]} 11. exd5 {[%clk 0:02:47]}  Nxd5 {[%clk 0:02:45]} 12. Bc5 {[%clk 0:02:41]}  Nxc3 {[%clk 0:02:03]} 13. Qg4 {[%clk 0:02:27]}  g6 {[%clk 0:01:47]} 14. Bxf8 {[%clk 0:02:26]}  Qxf8 {[%clk 0:01:46]} 15. Qc4 {[%clk 0:02:14]}  Nxa2 {[%clk 0:00:41]} 16. Qxa2 {[%clk 0:02:06]}  gxf5 {[%clk 0:00:41]} 17. f4 {[%clk 0:02:01]}  Be6 {[%clk 0:00:37]} 18. Bc4 {[%clk 0:01:58]}  Qc5+ {[%clk 0:00:37]} 19. Kh1 {[%clk 0:01:52]}  Bxc4 {[%clk 0:00:38]} 20. Qb2 {[%clk 0:01:48]}  Bxf1 {[%clk 0:00:37]} 21. Rxf1 {[%clk 0:01:44]}  Qd4 {[%clk 0:00:33]} 22. Qxb7 {[%clk 0:01:42]}  Rd8 {[%clk 0:00:23]} 23. Qxc6 {[%clk 0:01:39]}  e4 {[%clk 0:00:24]} 24. Qb5 {[%clk 0:01:28]}  Rd5 {[%clk 0:00:22]} 25. Qe8+ {[%clk 0:00:53]}  Kg7 {[%clk 0:00:21]} 26. Qe7 {[%clk 0:00:53]}  h6 {[%clk 0:00:16]} 27. g4 {[%clk 0:00:48]}  fxg4 {[%clk 0:00:14]} 28. f5 {[%clk 0:00:42]}  Qe5 {[%clk 0:00:12]} 29. f6+ {[%clk 0:00:38]}  Kg6 {[%clk 0:00:13]} 30. Qf8 {[%clk 0:00:37]}  Rd2 {[%clk 0:00:13]} 31. Qg7+ {[%clk 0:00:34]}  Kh5 {[%clk 0:00:13]} 32. Qxf7+ {[%clk 0:00:32]}  Kh4 {[%clk 0:00:13]} 33. Rf2 {[%clk 0:00:10]}  Rxf2 {[%clk 0:00:10]} 34. Qh5+ {[%clk 0:00:08]}  Kxh5 {[%clk 0:00:10]} 35. Kg1 {[%clk 0:00:09]}  Qxh2# {[%clk 0:00:10]} 0-1

[Event "April 9 Late 2024"]
[Site "Chess.com"]
[Date "2024.04.09"]
[Round "1"]
[White "Marshall, James A"]
[Black "Pham, Le Thao Nguyen"]
[Result "0-1"]
[Board "179"]
[WhiteFideId "2043386"]
[BlackFideId "12401226"]
[BlackTitle "IM"]
[WhiteElo "2117"]
[BlackElo "2564"]
[WhiteTeam "USA"]
[BlackTeam "VIE"]
[WhiteClock "0:00:12"]
[BlackClock "0:00:05"]
[Variant "Standard"]

1. c4 {[%clk 0:03:00]}  c6 {[%clk 0:02:57]} 2. Nc3 {[%clk 0:02:56]}  d5 {[%clk 0:02:57]} 3. e3 {[%clk 0:02:56]}  Nf6 {[%clk 0:02:56]} 4. Nf3 {[%clk 0:02:56]}  a6 {[%clk 0:02:55]} 5. b3 {[%clk 0:02:55]}  Bf5 {[%clk 0:02:52]} 6. Nh4 {[%clk 0:02:53]}  Bg4 {[%clk 0:02:47]} 7. Nf3 {[%clk 0:02:43]}  e6 {[%clk 0:02:44]} 8. h3 {[%clk 0:02:43]}  Bh5 {[%clk 0:02:44]} 9. Bb2 {[%clk 0:02:40]}  Nbd7 {[%clk 0:02:43]} 10. g4 {[%clk 0:02:13]}  Bg6 {[%clk 0:02:35]} 11. Nh4 {[%clk 0:02:13]}  Ne4 {[%clk 0:02:06]} 12. Nxg6 {[%clk 0:02:12]}  hxg6 {[%clk 0:02:06]} 13. Bg2 {[%clk 0:02:10]}  f5 {[%clk 0:01:53]} 14. d3 {[%clk 0:02:04]}  Nd6 {[%clk 0:01:23]} 15. e4 {[%clk 0:01:38]}  d4 {[%clk 0:01:15]} 16. Ne2 {[%clk 0:01:30]}  e5 {[%clk 0:01:11]} 17. exf5 {[%clk 0:01:29]}  gxf5 {[%clk 0:01:12]} 18. gxf5 {[%clk 0:01:28]}  Nxf5 {[%clk 0:00:51]} 19. Qd2 {[%clk 0:00:49]}  a5 {[%clk 0:00:47]} 20. a3 {[%clk 0:00:49]}  Nc5 {[%clk 0:00:46]} 21. Qc2 {[%clk 0:00:42]}  Qb6 {[%clk 0:00:44]} 22. Nc1 {[%clk 0:00:38]}  Be7 {[%clk 0:00:39]} 23. Rb1 {[%clk 0:00:35]}  Bh4 {[%clk 0:00:36]} 24. Ba1 {[%clk 0:00:30]}  Ne3 {[%clk 0:00:34]} 25. Qe2 {[%clk 0:00:28]}  Nxg2+ {[%clk 0:00:32]} 26. Kf1 {[%clk 0:00:28]}  Nf4 {[%clk 0:00:23]} 27. Qxe5+ {[%clk 0:00:28]}  Nce6 {[%clk 0:00:23]} 28. b4 {[%clk 0:00:20]}  axb4 {[%clk 0:00:21]} 29. Rxb4 {[%clk 0:00:20]}  Qc7 {[%clk 0:00:20]} 30. Qf5 {[%clk 0:00:20]}  Rxa3 {[%clk 0:00:16]} 31. Bb2 {[%clk 0:00:19]}  Ra5 {[%clk 0:00:15]} 32. Qg4 {[%clk 0:00:19]}  Rg5 {[%clk 0:00:14]} 33. Qf3 {[%clk 0:00:19]}  O-O {[%clk 0:00:14]} 34. Qe4 {[%clk 0:00:18]}  Qf7 {[%clk 0:00:14]} 35. Rh2 {[%clk 0:00:17]}  Rf5 {[%clk 0:00:12]} 36. Bxd4 {[%clk 0:00:17]}  Nxd4 {[%clk 0:00:12]} 37. Qxd4 {[%clk 0:00:18]}  c5 {[%clk 0:00:09]} 38. Qe4 {[%clk 0:00:16]}  cxb4 {[%clk 0:00:10]} 39. d4 {[%clk 0:00:16]}  Bd8 {[%clk 0:00:06]} 40. c5 {[%clk 0:00:16]}  b3 {[%clk 0:00:06]} 41. Nxb3 {[%clk 0:00:16]}  Qxb3 {[%clk 0:00:06]} 42. h4 {[%clk 0:00:15]}  Qd5 {[%clk 0:00:06]} 43. Qe3 {[%clk 0:00:14]}  Bc7 {[%clk 0:00:06]} 44. Ke1 {[%clk 0:00:12]}  Ng2+ {[%clk 0:00:05]} 0-1

[Event "April 9 Late 2024"]
[Site "Chess.com"]
[Date "2024.04.09"]
[Round "1"]
[White "Maris, Ivo"]
[Black "Cramling Bellon, Anna"]
[Result "1-0"]
[Board "182"]
[WhiteFideId "1028146"]
[BlackFideId "32009232"]
[WhiteTitle "FM"]
[BlackTitle "WFM"]
[WhiteElo "2557"]
[BlackElo "2085"]
[WhiteTeam "NED"]
[BlackTeam "SWE"]
[WhiteClock "0:00:36"]
[BlackClock "0:00:00"]
[Variant "Standard"]

1. b4 {[%clk 0:03:00]}  b6 {[%clk 0:02:54]} 2. Bb2 {[%clk 0:02:59]}  Bb7 {[%clk 0:02:51]} 3. e3 {[%clk 0:02:59]}  Nf6 {[%clk 0:02:43]} 4. Nf3 {[%clk 0:02:57]}  d5 {[%clk 0:02:42]} 5. c4 {[%clk 0:02:55]}  e6 {[%clk 0:02:43]} 6. a3 {[%clk 0:02:54]}  c5 {[%clk 0:02:26]} 7. Rg1 {[%clk 0:02:52]}  Be7 {[%clk 0:02:05]} 8. g4 {[%clk 0:02:46]}  h6 {[%clk 0:02:03]} 9. h4 {[%clk 0:02:46]}  O-O {[%clk 0:02:00]} 10. g5 {[%clk 0:02:46]}  hxg5 {[%clk 0:01:54]} 11. hxg5 {[%clk 0:02:47]}  Ne4 {[%clk 0:01:54]} 12. g6 {[%clk 0:02:45]}  Bh4 {[%clk 0:01:37]} 13. Rg2 {[%clk 0:02:31]}  fxg6 {[%clk 0:01:34]} 14. d3 {[%clk 0:02:30]}  Nxf2 {[%clk 0:01:27]} 15. Rxf2 {[%clk 0:02:31]}  Bxf2+ {[%clk 0:01:26]} 16. Kxf2 {[%clk 0:02:32]}  Qh4+ {[%clk 0:01:26]} 17. Kg1 {[%clk 0:02:15]}  Qg3+ {[%clk 0:00:34]} 18. Bg2 {[%clk 0:02:14]}  dxc4 {[%clk 0:00:34]} 19. e4 {[%clk 0:02:10]}  Rd8 {[%clk 0:00:23]} 20. Be5 {[%clk 0:02:02]}  Qg4 {[%clk 0:00:16]} 21. Nc3 {[%clk 0:01:59]}  Rxd3 {[%clk 0:00:15]} 22. Qe1 {[%clk 0:01:57]}  Rxf3 {[%clk 0:00:12]} 23. Rd1 {[%clk 0:01:51]}  Rf8 {[%clk 0:00:11]} 24. b5 {[%clk 0:01:45]}  a6 {[%clk 0:00:07]} 25. a4 {[%clk 0:01:45]}  axb5 {[%clk 0:00:07]} 26. axb5 {[%clk 0:01:46]}  Qg5 {[%clk 0:00:05]} 27. Bd6 {[%clk 0:01:39]}  Rd8 {[%clk 0:00:06]} 28. Rd2 {[%clk 0:01:25]}  Ra3 {[%clk 0:00:05]} 29. Bf4 {[%clk 0:01:16]}  Qe7 {[%clk 0:00:03]} 30. Rf2 {[%clk 0:01:10]}  Rf8 {[%clk 0:00:02]} 31. Ne2 {[%clk 0:01:05]}  Nd7 {[%clk 0:00:02]} 32. Qc1 {[%clk 0:00:59]}  Rb3 {[%clk 0:00:02]} 33. Bg5 {[%clk 0:00:57]}  Qe8 {[%clk 0:00:02]} 34. Nf4 {[%clk 0:00:56]}  e5 {[%clk 0:00:02]} 35. Nd5 {[%clk 0:00:55]}  Rxf2 {[%clk 0:00:03]} 36. Kxf2 {[%clk 0:00:54]}  Bxd5 {[%clk 0:00:03]} 37. exd5 {[%clk 0:00:55]}  e4 {[%clk 0:00:04]} 38. Ke1 {[%clk 0:00:51]}  Qf7 {[%clk 0:00:04]} 39. Bf4 {[%clk 0:00:48]}  Qxd5 {[%clk 0:00:04]} 40. Qa1 {[%clk 0:00:43]}  Qd3 {[%clk 0:00:03]} 41. Qa8+ {[%clk 0:00:36]}  Kh7 {[%clk 0:00:03]} 42. Bxe4 {[%clk 0:00:36]}  Qxe4+ {[%clk 0:00:00]} 43. Qxe4 {[%clk 0:00:36]} 1-0

[Event "April 9 Late 2024"]
[Site "Chess.com"]
[Date "2024.04.09"]
[Round "1"]
[White "Oliveira, Tiago Batista"]
[Black "Avila Bautista, Roberto Al"]
[Result "0-1"]
[Board "183"]
[WhiteFideId "2108291"]
[BlackFideId "5119987"]
[BlackTitle "CM"]
[WhiteElo "2042"]
[BlackElo "2556"]
[WhiteTeam "BRA"]
[BlackTeam "MEX"]
[WhiteClock "0:00:09"]
[BlackClock "0:01:07"]
[Variant "Standard"]

1. d4 {[%clk 0:02:57]}  Nf6 {[%clk 0:02:56]} 2. c4 {[%clk 0:02:55]}  c5 {[%clk 0:02:56]} 3. d5 {[%clk 0:02:53]}  d6 {[%clk 0:02:55]} 4. g3 {[%clk 0:02:50]}  g6 {[%clk 0:02:54]} 5. Bg2 {[%clk 0:02:49]}  Bg7 {[%clk 0:02:54]} 6. Nf3 {[%clk 0:02:48]}  O-O {[%clk 0:02:53]} 7. O-O {[%clk 0:02:47]}  Na6 {[%clk 0:02:52]} 8. Nc3 {[%clk 0:02:46]}  Nc7 {[%clk 0:02:52]} 9. Re1 {[%clk 0:02:37]}  a6 {[%clk 0:02:51]} 10. a4 {[%clk 0:02:35]}  Rb8 {[%clk 0:02:44]} 11. e4 {[%clk 0:02:31]}  b5 {[%clk 0:02:43]} 12. e5 {[%clk 0:02:26]}  Nfe8 {[%clk 0:02:40]} 13. axb5 {[%clk 0:02:22]}  axb5 {[%clk 0:02:39]} 14. cxb5 {[%clk 0:02:06]}  Nxb5 {[%clk 0:02:38]} 15. Nxb5 {[%clk 0:02:06]}  Rxb5 {[%clk 0:02:39]} 16. Qe2 {[%clk 0:01:59]}  Rb4 {[%clk 0:02:34]} 17. exd6 {[%clk 0:01:58]}  exd6 {[%clk 0:02:35]} 18. Ra7 {[%clk 0:01:38]}  Bg4 {[%clk 0:02:19]} 19. Qe7 {[%clk 0:01:10]}  Qxe7 {[%clk 0:02:13]} 20. Rexe7 {[%clk 0:01:11]}  Nf6 {[%clk 0:02:13]} 21. Ng5 {[%clk 0:01:01]}  Rd4 {[%clk 0:02:07]} 22. h3 {[%clk 0:00:52]}  Rd1+ {[%clk 0:01:36]} 23. Bf1 {[%clk 0:00:38]}  Nxd5 {[%clk 0:01:27]} 24. Re4 {[%clk 0:00:14]}  Bf5 {[%clk 0:01:18]} 25. Bf4 {[%clk 0:00:13]}  Bxe4 {[%clk 0:01:14]} 26. Nxe4 {[%clk 0:00:14]}  Nxf4 {[%clk 0:01:13]} 27. gxf4 {[%clk 0:00:15]}  Bxb2 {[%clk 0:01:11]} 28. Kg2 {[%clk 0:00:14]}  Bd4 {[%clk 0:01:10]} 29. Nxd6 {[%clk 0:00:13]}  c4 {[%clk 0:01:07]} 30. Bxc4 {[%clk 0:00:09]}  Bxa7 {[%clk 0:01:07]} 0-1

[Event "April 9 Late 2024"]
[Site "Chess.com"]
[Date "2024.04.09"]
[Round "1"]
[White "Balla, Tamas-Kristof"]
[Black "Chemin, Vitorio"]
[Result "1-0"]
[Board "184"]
[WhiteFideId "1208497"]
[BlackFideId "2100509"]
[WhiteTitle "IM"]
[BlackTitle "FM"]
[WhiteElo "2555"]
[BlackElo "2039"]
[WhiteTeam "ROU"]
[BlackTeam "BRA"]
[WhiteClock "0:01:42"]
[BlackClock "0:00:16"]
[Variant "Standard"]

1. Nf3 {[%clk 0:02:59]}  d5 {[%clk 0:02:59]} 2. b3 {[%clk 0:02:59]}  c6 {[%clk 0:02:58]} 3. Bb2 {[%clk 0:02:59]}  Nf6 {[%clk 0:02:58]} 4. e3 {[%clk 0:03:00]}  Bf5 {[%clk 0:02:55]} 5. d3 {[%clk 0:02:54]}  h6 {[%clk 0:02:54]} 6. g3 {[%clk 0:02:53]}  e6 {[%clk 0:02:52]} 7. Bg2 {[%clk 0:02:52]}  Nbd7 {[%clk 0:02:52]} 8. Nbd2 {[%clk 0:02:52]}  a5 {[%clk 0:02:43]} 9. a3 {[%clk 0:02:51]}  Be7 {[%clk 0:02:42]} 10. O-O {[%clk 0:02:51]}  O-O {[%clk 0:02:42]} 11. Re1 {[%clk 0:02:52]}  Qc7 {[%clk 0:02:33]} 12. e4 {[%clk 0:02:50]}  Bh7 {[%clk 0:02:28]} 13. e5 {[%clk 0:02:49]}  Ne8 {[%clk 0:02:27]} 14. d4 {[%clk 0:02:48]}  b6 {[%clk 0:02:23]} 15. Rc1 {[%clk 0:02:47]}  c5 {[%clk 0:02:23]} 16. c4 {[%clk 0:02:46]}  Qb7 {[%clk 0:01:57]} 17. cxd5 {[%clk 0:02:38]}  exd5 {[%clk 0:01:52]} 18. e6 {[%clk 0:02:36]}  Ndf6 {[%clk 0:01:47]} 19. exf7+ {[%clk 0:02:34]}  Rxf7 {[%clk 0:01:46]} 20. dxc5 {[%clk 0:02:34]}  bxc5 {[%clk 0:01:43]} 21. Ne5 {[%clk 0:02:33]}  Rf8 {[%clk 0:01:42]} 22. Ndc4 {[%clk 0:02:21]}  Nc7 {[%clk 0:01:13]} 23. Nd7 {[%clk 0:02:06]}  Nxd7 {[%clk 0:01:04]} 24. Rxe7 {[%clk 0:02:05]}  Nf6 {[%clk 0:00:57]} 25. Qg4 {[%clk 0:01:49]}  Nxg4 {[%clk 0:00:54]} 26. Rxg7+ {[%clk 0:01:49]}  Kh8 {[%clk 0:00:48]} 27. Rxg4+ {[%clk 0:01:49]}  d4 {[%clk 0:00:47]} 28. Bxb7 {[%clk 0:01:50]}  Rab8 {[%clk 0:00:46]} 29. Nd6 {[%clk 0:01:49]}  Rf6 {[%clk 0:00:38]} 30. Rxc5 {[%clk 0:01:42]}  Rxd6 {[%clk 0:00:16]} 31. Rxc7 {[%clk 0:01:42]} 1-0

[Event "April 9 Late 2024"]
[Site "Chess.com"]
[Date "2024.04.09"]
[Round "1"]
[White "Asish Panda"]
[Black "Lutz, Igor Oscar"]
[Result "1-0"]
[Board "190"]
[WhiteFideId "45012458"]
[BlackFideId "2110806"]
[WhiteElo "2551"]
[BlackElo "1973"]
[WhiteTeam "IND"]
[BlackTeam "BRA"]
[WhiteClock "0:00:10"]
[BlackClock "0:00:14"]
[Variant "Standard"]

1. e4 {[%clk 0:03:00]}  c5 {[%clk 0:02:59]} 2. Nf3 {[%clk 0:03:00]}  Nc6 {[%clk 0:02:57]} 3. Bb5 {[%clk 0:02:58]}  d6 {[%clk 0:02:57]} 4. O-O {[%clk 0:02:54]}  Nf6 {[%clk 0:02:55]} 5. Re1 {[%clk 0:02:34]}  Bg4 {[%clk 0:02:46]} 6. c3 {[%clk 0:02:31]}  e5 {[%clk 0:02:45]} 7. h3 {[%clk 0:02:27]}  Bh5 {[%clk 0:02:40]} 8. d3 {[%clk 0:02:24]}  Be7 {[%clk 0:02:39]} 9. Nbd2 {[%clk 0:02:24]}  O-O {[%clk 0:02:36]} 10. Nf1 {[%clk 0:02:23]}  Bxf3 {[%clk 0:02:27]} 11. Qxf3 {[%clk 0:02:18]}  Qc7 {[%clk 0:02:24]} 12. Bg5 {[%clk 0:02:01]}  a6 {[%clk 0:02:00]} 13. Ba4 {[%clk 0:01:56]}  b5 {[%clk 0:01:59]} 14. Bc2 {[%clk 0:01:53]}  Ne8 {[%clk 0:01:56]} 15. Bxe7 {[%clk 0:01:51]}  Qxe7 {[%clk 0:01:51]} 16. Ne3 {[%clk 0:01:50]}  Qf6 {[%clk 0:01:37]} 17. Qg3 {[%clk 0:01:42]}  Nc7 {[%clk 0:01:22]} 18. Bb3 {[%clk 0:01:38]}  Na5 {[%clk 0:01:09]} 19. Bd5 {[%clk 0:01:36]}  Nxd5 {[%clk 0:01:07]} 20. Nxd5 {[%clk 0:01:37]}  Qd8 {[%clk 0:00:59]} 21. Re3 {[%clk 0:01:31]}  f5 {[%clk 0:00:51]} 22. exf5 {[%clk 0:01:16]}  Rxf5 {[%clk 0:00:52]} 23. Qg4 {[%clk 0:01:11]}  Rg5 {[%clk 0:00:41]} 24. Qe4 {[%clk 0:01:07]}  Ra7 {[%clk 0:00:28]} 25. Rf1 {[%clk 0:01:01]}  Rf7 {[%clk 0:00:26]} 26. f4 {[%clk 0:00:51]}  exf4 {[%clk 0:00:21]} 27. Rxf4 {[%clk 0:00:48]}  Rxf4 {[%clk 0:00:20]} 28. Nxf4 {[%clk 0:00:49]}  Re5 {[%clk 0:00:20]} 29. Qf3 {[%clk 0:00:42]}  Rxe3 {[%clk 0:00:19]} 30. Qxe3 {[%clk 0:00:42]}  Nc6 {[%clk 0:00:19]} 31. Qe6+ {[%clk 0:00:40]}  Kh8 {[%clk 0:00:18]} 32. Nd5 {[%clk 0:00:34]}  Ne5 {[%clk 0:00:17]} 33. d4 {[%clk 0:00:17]}  cxd4 {[%clk 0:00:17]} 34. cxd4 {[%clk 0:00:18]}  Ng6 {[%clk 0:00:15]} 35. Qf7 {[%clk 0:00:15]}  Qf8 {[%clk 0:00:13]} 36. Qxf8+ {[%clk 0:00:14]}  Nxf8 {[%clk 0:00:14]} 37. Nc7 {[%clk 0:00:13]}  Kg8 {[%clk 0:00:11]} 38. Nxa6 {[%clk 0:00:13]}  Ne6 {[%clk 0:00:11]} 39. d5 {[%clk 0:00:13]}  Nf4 {[%clk 0:00:11]} 40. Nc7 {[%clk 0:00:13]}  b4 {[%clk 0:00:11]} 41. a3 {[%clk 0:00:12]}  bxa3 {[%clk 0:00:11]} 42. bxa3 {[%clk 0:00:13]}  Nd3 {[%clk 0:00:11]} 43. a4 {[%clk 0:00:13]}  Nc5 {[%clk 0:00:12]} 44. a5 {[%clk 0:00:13]}  Kf7 {[%clk 0:00:12]} 45. a6 {[%clk 0:00:13]}  Nxa6 {[%clk 0:00:12]} 46. Nxa6 {[%clk 0:00:14]}  Kf6 {[%clk 0:00:12]} 47. Kf2 {[%clk 0:00:14]}  Ke5 {[%clk 0:00:13]} 48. Nc7 {[%clk 0:00:14]}  g5 {[%clk 0:00:12]} 49. Kf3 {[%clk 0:00:14]}  h5 {[%clk 0:00:13]} 50. g3 {[%clk 0:00:14]}  Kd4 {[%clk 0:00:08]} 51. Ne6+ {[%clk 0:00:11]}  Kxd5 {[%clk 0:00:07]} 52. Nxg5 {[%clk 0:00:12]}  Ke5 {[%clk 0:00:08]} 53. Nf7+ {[%clk 0:00:12]}  Ke6 {[%clk 0:00:07]} 54. Nd8+ {[%clk 0:00:12]}  Ke5 {[%clk 0:00:07]} 55. g4 {[%clk 0:00:11]}  hxg4+ {[%clk 0:00:07]} 56. Kxg4 {[%clk 0:00:12]}  d5 {[%clk 0:00:08]} 57. h4 {[%clk 0:00:11]}  Kf6 {[%clk 0:00:08]} 58. Nc6 {[%clk 0:00:10]}  Kg6 {[%clk 0:00:08]} 59. h5+ {[%clk 0:00:10]}  Kh6 {[%clk 0:00:07]} 60. Kh4 {[%clk 0:00:10]}  Kg7 {[%clk 0:00:06]} 61. Kg5 {[%clk 0:00:10]}  Kh7 {[%clk 0:00:07]} 62. h6 {[%clk 0:00:10]}  d4 {[%clk 0:00:08]} 63. Nxd4 {[%clk 0:00:10]}  Kg8 {[%clk 0:00:09]} 64. Kg6 {[%clk 0:00:10]}  Kh8 {[%clk 0:00:09]} 65. Ne6 {[%clk 0:00:09]}  Kg8 {[%clk 0:00:10]} 66. Ng5 {[%clk 0:00:10]}  Kh8 {[%clk 0:00:10]} 67. Nh3 {[%clk 0:00:09]}  Kg8 {[%clk 0:00:11]} 68. Nf2 {[%clk 0:00:09]}  Kh8 {[%clk 0:00:12]} 69. Nd3 {[%clk 0:00:08]}  Kg8 {[%clk 0:00:12]} 70. Ne5 {[%clk 0:00:08]}  Kh8 {[%clk 0:00:13]} 71. Nf7+ {[%clk 0:00:09]}  Kg8 {[%clk 0:00:14]} 72. h7+ {[%clk 0:00:09]}  Kf8 {[%clk 0:00:14]} 73. h8=Q+ {[%clk 0:00:10]}  Ke7 {[%clk 0:00:14]} 74. Qf6+ {[%clk 0:00:10]} 1-0

[Event "April 9 Late 2024"]
[Site "Chess.com"]
[Date "2024.04.09"]
[Round "1"]
[White "Chojnacki, Slawomir"]
[Black "Mirza, Diana"]
[Result "1-0"]
[Board "192"]
[WhiteFideId "1117076"]
[BlackFideId "2503999"]
[WhiteTitle "CM"]
[BlackTitle "WFM"]
[WhiteElo "2550"]
[BlackElo "1957"]
[WhiteTeam "POL"]
[BlackTeam "IRL"]
[WhiteClock "0:02:30"]
[BlackClock "0:02:07"]
[Variant "Standard"]

1. d4 {[%clk 0:02:59]}  Nf6 {[%clk 0:02:38]} 2. Bf4 {[%clk 0:02:58]}  g6 {[%clk 0:02:39]} 3. e3 {[%clk 0:02:58]}  Bg7 {[%clk 0:02:40]} 4. c3 {[%clk 0:02:59]}  O-O {[%clk 0:02:41]} 5. Nd2 {[%clk 0:02:59]}  d6 {[%clk 0:02:41]} 6. Ngf3 {[%clk 0:02:59]}  Nh5 {[%clk 0:02:42]} 7. Bg5 {[%clk 0:02:57]}  h6 {[%clk 0:02:39]} 8. Bh4 {[%clk 0:02:57]}  g5 {[%clk 0:02:39]} 9. Bg3 {[%clk 0:02:58]}  Nxg3 {[%clk 0:02:40]} 10. hxg3 {[%clk 0:02:57]}  e5 {[%clk 0:02:41]} 11. Qc2 {[%clk 0:02:57]}  f5 {[%clk 0:02:40]} 12. dxe5 {[%clk 0:02:54]}  dxe5 {[%clk 0:02:40]} 13. Bc4+ {[%clk 0:02:55]}  Kh7 {[%clk 0:02:39]} 14. e4 {[%clk 0:02:55]}  fxe4 {[%clk 0:02:37]} 15. Nxe4 {[%clk 0:02:54]}  Bf5 {[%clk 0:02:38]} 16. Nexg5+ {[%clk 0:02:46]}  Kg6 {[%clk 0:02:37]} 17. Ne4 {[%clk 0:02:34]}  Kh7 {[%clk 0:02:15]} 18. Nh4 {[%clk 0:02:32]}  Qg5 {[%clk 0:02:07]} 19. Nxg5+ {[%clk 0:02:30]} 1-0